banner-ar

HOUSES BY BARTPRINCE: AN AMERICAN ARCHITECTURE FOR THE CONTINOUS PRESENT / (Record no. 17266)

MARC details
000 -الفاتح
حقل البيانات ثابتة الطول 00516nam a2200157Ia 4500
008 - عناصر البيانات ثابتة الطول - معلومات عامة
حقل البيانات ثابتة الطول 140319s9999 xx 000 0 eng d
040 ## - مصدر الفهرسة
وكالة الفهرسة الأصلية GCL /
وكالة النسخ GCL
082 04 - رقم تصنيف ديوى العشرى
رقم التصنيف 728.8092
رقم المادة M H
100 1# - المدخل الرئيسى - إسم شخصى
الإسم الشخصى MEAD, CHRISTOPHER
245 10 - بيان العنوان
العنوان HOUSES BY BARTPRINCE: AN AMERICAN ARCHITECTURE FOR THE CONTINOUS PRESENT /
بيان المسئوليه,etc MEAD, CHRISTOPHER
260 ## - PUBLICATION, DISTRIBUTION, ETC. (IMPRINT)
تاريخ النشر أو التوزيع 1991
650 04 - المدخل الاضافى بالموضوع-مصطلح موضوعى
مصطلح موضوعي PRIMCE, BART,1947 CRITICESM AN
650 04 - المدخل الاضافى بالموضوع-مصطلح موضوعى
مصطلح موضوعي ARCHITECTURE, MODERN 20 th CENTURY
942 ## - عناصر المدخل الإضافي( كوها)
مصدر التصنيف او مخطط الترفيف Dewey Decimal Classification
Koha [default] item type كتاب
260 ## - PUBLICATION, DISTRIBUTION, ETC. (IMPRINT)
-- [S.N] :
-- UNIVERSITY OF NEW MEXICO PRESS ،
Holdings
حالة التراجع حالة الفقد حالة تلف ليس للاعارة المكان المؤقت الموقع الحالى تاريخ الاكتساب اجمالي اﻻعارات رقم الطلب الباركود تاريخ اخر مشاهدة تاريخ تفعيل السعر نوع وعاء كوها
        مكتبة القاهرة الكبرى مكتبة القاهرة الكبرى 03/26/2014   728.8092\M H 31098 03/26/2014 03/26/2014 كتاب

Powered By

EGPV